Statistics for Countries By Geometry Dash Demon Score

Click here to take the quiz!

General Stats

  • This quiz has been taken 16 times
  • The average score is 12 of 16

Answer Stats

HintAnswer% Correct
5612.16Australia
100%
5703.23Canada
100%
7002.66United Kingdom
100%
8085.45United States of America
100%
5040.42France
90%
4754.54Germany
90%
4819.23Mexico
90%
5764.75Russia
90%
4509.20Spain
90%
3984.36Sweden
80%
5014.24Norway
60%
6253.47South Korea
60%
3924.80Argentina
50%
3480.97Austria
40%
3423.22Romania
40%
3500.20Colombia
30%

Score Distribution

Percentile by Number Answered

Percent of People with Each Score

Your Score History

You have not taken this quiz